Piłkarskie Legendy #2 - Statystyki

Ogólne statystyki
  • Ten quiz został rozwiązany 2 533 razy
  • Średni wynik to 9 z 11
Statystyki odpowiedzi
Hint Odpowiedź % Poprawnych
Brazylijczyk grający dla ośmiu zespołów w tym 3 znaczących (PSG, FC Barcelona i AC Milan). Król sztuczek piłkarskich i dryblingu. Ronaldinho
96%
Hiszpański bramkarz, legenda Realu Madryt, w 2015 roku przeszedł do FC Porto i gra tam do dziś. Casillas
94%
Argentyński piłkarz i trener piłkarski. Nazywany był "El Diaz" ("Dziesiątka"). Najbardziej znany z gry dla Napoli i w reprezentacji. Maradona
94%
Najlepszy polski bramkarz. (Chyba więcej pisać nie muszę :) no ale tak dla zasady) grał dla takich klubów jak Liverpool czy Real Madryt. Dudek
93%
Brazylijski były piłkarz, jedyny trzykrotny mistrz Świata. Reprezentował on barwy dwóch klubów (Santos FC, New York Cosmos). Obecnie piastuje on funkcje ministra sportu w Brazylii. Pele
93%
Anglik grający głownie dla Manchesteru United, Realu Madryt oraz Los Angeles Galaxy. Jest uważany za jednego z najprzystojniejszych piłkarzy na świecie. Karierę zakończył w PSG gdzie zagrał w zaledwie 10 meczach. Beckham
88%
Włoch grający dla takich klubów jak Inter, Milan czy Juventus. Specjalista od precyzyjnych rzutów wolnych. Zakończył karierę grając dla klubu New York City w 2017 r. Pirlo
84%
Walijczyk grający tylko dla Czerwonych diabłów. Najbardziej utytułowany brytyjski piłkarz w historii. Od 15 stycznia 2018 r. jest on selekcjonerem reprezentacji Walii. Giggs
78%
Czeski piłkarz grający na pozycji pomocnika. Zasłyną on z gry dla Bianconeri gdzie zakończył kariere w 2009 r. Nedved
78%
Holender grający dla sześciu klubów głownie z ligi włoskiej i holenderskiej. Jedynym wyjątkiem był wyjazd pod koniec kariery do Anglii gdzie reprezentował on barwy The Blues. Charakteryzowała go nie codzienna fryzura oraz bujny wąs. Gullit
72%
Włoski obrońca mierzący zaledwie 175 cm wzrostu. Drugi pod względem liczby występów w reprezentacji Włoch (więcej ma tylko bramkarz, Gianluigi Buffon). Prócz klubów z ligi włoskiej grał on dla Realu Madryt oraz Al-Ahli Dubaj gdzie zakończył karierę w 2011r. Cannavaro
71%
Nie znaleziono quizów pasujących do podanych kryteriów
Rozkład punktacji
Procent ludzi z każdym wynikiem
Percentyl według liczby udzielonych odpowiedzi
Twoja historia wyników
Nie rozwiązałeś tego quizu